000 01640nam a22002297i 4500
001 IT\ICCU\PIA\0026628
003 ItRI
005 20260115232212.0
008 250521s2025 it |||||| |||||1|||||c
020 _a9791256211388
024 3 1 _a9791256211388
040 _bita
_cimportazione bologna sebina
041 7 _aita
_2ISO-639-2
082 _a741.5
_9VIGNETTE, CARICATURE, FUMETTI
_221
100 1 _aMacaione, Giulio
_0IT\ICCU\UBOV\300337
_4aut
240 1 0 _aTutte le volte che sono diventato grande
_3IT\ICCU\PIA\0026629
_9Macaione, Giulio
245 1 0 _aTutte le volte che sono diventato grande /
_cGiulio Macaione.
260 _aMilano :
_bBao,
_c2025
300 _a234 p. :
_bfumetti ;
_c21 cm
520 _aLucio vive in Sicilia con i genitori e la sorellina. Lucio è più maturo della sua età, ma non è qualcosa che ha potuto scegliere o coltivare: da lui ci si aspetta che sia un ometto, che impari presto ad arrangiarsi e che abbia cura della sorella minore. A casa c'è tensione, tra i suoi genitori, e Lucio non sa bene dove mettersi, per non ritrovarsi in mezzo al fuoco incrociato delle costanti liti. Poco a poco le cose cambiano, dentro e intorno a Lucio. Complici i cartoni animati che guarda in TV prima, e la scoperta dei fumetti poi, capisce di voler raccontare storie, nella vita, mentre l'inizio della pubertà gli fa intuire anche aspetti di sé che non aveva mai considerato. I suoi genitori sono, ciascuno a modo proprio, chiusi in loro stessi, e Lucio si domanda se sarà più difficile dire loro che vuole iscriversi all'Istituto d'arte per fare fumetti, o che ha capito di essere gay.
942 _2ddc
_cBK
_n0
999 _c18705
_d18705